000 01228cam a2200289 a 4500
001 3035
003 FISKH
005 20240131143322.0
008 970717s1997 tnua 000 0 eng
010 _a 97030695
020 _a1558535411
040 _aDLC
_cDLC
_dDLC
_beng
050 0 0 _aHV6251
_b.B87 1997
082 0 0 _a364.1/092/273
_221
100 1 _aButler, Daniel R.,
_d1951-
245 1 4 _aThe world's dumbest criminals :
_bbased on true stories from law enforcement officials around the world /
_cDaniel Butler and Alan Ray ; illustrations by Mike Harris.
250 _aFirst Scholastic printing, September 1998
260 _aNew York :
_bScholastic,
_c1997
300 _a1833 pages :
_billustrations ;
_c18 cm
520 _aFirst came the New York Times bestseller America's Dumbest Criminals, then there were more amazing tales of stupid but true crimes in Wanted! Dumb or Alive. In this book, hilarious criminal cluelessness is uncovered on every continent in one hundred new stories.
650 0 _aCrime
_xCase studies.
650 0 _aCriminals
_xCase studies.
650 0 _aCrime
_xHumor.
700 1 _aRay, Alan.
_eillustrator
906 _a7
_bcbc
_corignew
_d1
_eocip
_f19
_gy-gencatlg
942 _2ddc
_cBK
_n0
999 _c3035
_d3035